|
|
|
|
| LEADER |
00000nam a22000007a 4500 |
| 005 |
20140430173411.0 |
| 007 |
cr|||| ||| |
| 008 |
140430c19999999cl |||| s|||| 0|||a1spa d |
| 035 |
|
|
|a 12033
|
| 040 |
|
|
|a vLex
|
| 090 |
|
|
|c 4864
|d 4864
|
| 245 |
0 |
0 |
|a Artc̕ulos de Libertades Pb︢licas
|h [Recurso electrn̤ico]
|
| 256 |
|
|
|a Servicio en ln̕ea
|
| 260 |
|
|
|a Santiago de Chile:
|b Libertades Pb︢licas,
|c 1999 -
|
| 300 |
|
|
|a 1 recurso electrn̤ico
|
| 310 |
|
|
|a Anual
|
| 362 |
|
|
|a Nm︢. 1 (1999) -
|
| 506 |
1 |
|
|a Contenido solo disponible en los productos indicados
|d vLex Global
|d vLex Global (Academic Edition, excluding Law Schools)
|d vLex Global (U.S. Academic Edition, Law Schools)
|d vLex Global (U.S. Academic Edition, excluding Law Schools)
|d vLex Global (Academic Edition, Law Schools)
|
| 650 |
0 |
4 |
|a Derecho civil
|v Revistas
|z Espaą
|
| 740 |
0 |
|
|a vLex Revistas (Servicio en ln̕ea)
|
| 856 |
4 |
0 |
|u http://vlex.com/source/articulos-libertades-publicas-12033
|z Acceso restringido
|
| 942 |
|
|
|c REV
|
| 999 |
0 |
|
|a Civil law
|